| 000 | 00928nam a22002773u 4500 | ||
|---|---|---|---|
| 001 | 810905 | ||
| 003 | RU-10907106 | ||
| 005 | 20220125000835.0 | ||
| 007 | tu | ||
| 008 | 210301s2021 gw |||| 000u ger d | ||
| 020 |
_9978-3-96023-381-7 _a9783960233817 |
||
| 040 |
_aRU-10907106 _bger _cRU-10907106 |
||
| 100 | 1 |
_4aut _aOesterreicher, Susanne _eVerfasserIn _91055 |
|
| 245 | 0 | 0 |
_aRequisit moderner Weiblichkeit _bdie Frauenhose in der Bundesrepublik Deutschland und DDR (1949-1975) |
| 264 |
_aLeipzig _bLeipziger Universitätsverlag _c2020 |
||
| 336 |
_2rdacontent _aText _btxt |
||
| 337 |
_2rdamedia _aOhne Hilfsmittel zu benutzen _bn |
||
| 338 |
_2rdacarrier _aBand _bnc |
||
| 648 |
_a1949-1975 _91056 |
||
| 650 | 7 |
_2gnd _aGeschlechterforschung _91057 |
|
| 650 | 7 |
_2gnd _aDamenhose _91058 |
|
| 650 | 7 |
_2gnd _aWeiblichkeit _91059 |
|
| 650 | 7 |
_2gnd _aSoziokultureller Wandel _91060 |
|
| 651 | 0 |
_aDeutschland _980 |
|
| 942 |
_2z _cMG |
||
| 999 |
_c55078 _d55078 |
||